000
00219nam a22000857a 4500
008
170327b xxu||||| |||| 00| 0 eng d
100
_9
3040
_a
Misra.M.
245
_a
Manual on Social Science-VII
260
_a
New Delhi
_b
APC
_c
2010
999
_c
6295
_d
6295